[Event "Moscow Aeroflot op"]
[Site "Moscow"]
[Date "2002.02.07"]
[Round "5"]
[White "Fedorov, Alexei"]
[Black "Pogorelov, Ruslan"]
[Result "1-0"]
[WhiteElo "2589"]
[BlackElo "2460"]
[Annotator "Psakhis,L"]
[PlyCount "93"]
[EventDate "2002.02.04"]
[EventType "swiss"]
[EventRounds "9"]
[EventCountry "RUS"]
[SourceTitle "CBM 088"]
[Source "ChessBase"]
[SourceDate "2002.03.21"]
[SourceVersion "1"]
[SourceVersionDate "2002.03.21"]
[SourceQuality "1"]

1. e4 e6 2. d4 d5 3. Nc3 Bb4 4. e5 c5 5. a3 Bxc3+ 6. bxc3 Qa5 {This old move
become very popular in modern practice.Black wants to put queen on a4, close
position and hope to explore weaknesses of white's pawn structure in future.
Surely, that queen is a bad blocker, but, in practice , Black successfully
realize this plan many times.} 7. Bd2 Qa4 8. Qb1 ({I have feeling that} 8. Qg4
$5) ({or} 8. Nf3 $5 {are more dangerouse for black, but text move also has
suppoters.}) 8... c4 ({could be reasonable alternative to the text, for example
} 8... a6 9. Nf3 Nc6 10. Qb3 Qxb3 11. cxb3 Na5 12. Rb1 c4 13. bxc4 (13. b4 Nb3
{[%cal Ga6a5]}) 13... dxc4 14. Ng5 Ne7 15. Ne4 O-O 16. Nd6 b5 $13 {1/2-1/2
Smirnov,P-Lysyj,I/RUS-ch B20 Vladimir 2002/The Week in Chess 384 (24)}) 9. f4 {
Somehow limits activity od dark coloured bishop, I suspect that} (9. Nf3 Nc6
10. Be2 {was better choice, for example} (10. g3 Nge7 11. Bg2 Bd7 12. O-O O-O-O
13. Ra2 f5 14. Rb2 b6 15. Ng5 Rdf8 $13 {1-0 Milos,G-Garcia Palermo,C/Sao
Paulo-sf 1997 (48)}) 10... Nge7 11. O-O Bd7 12. Re1 h6 13. g3 O-O-O 14. Nh4 f5
15. exf6 gxf6 16. Qc1 e5 17. dxe5 fxe5 18. Bxh6 Rdg8 19. Bg5 $16 {1-0 Aseev,
K-Cosma,E/Cappelle la Grande op 1999 (48)}) 9... Ne7 10. Nf3 Nbc6 11. g3 Bd7 $5
(11... b6 12. Bg2 Bd7 13. O-O O-O-O 14. Ra2 Kb7 15. Qe1 f5 16. h3 Rdf8 17. Qe3
h6 18. Kf2 Be8 19. Rh1 Bh5 $15 {1/2-1/2 Karjakin,S-Psakhis,L/Moscow Aeroflot
op 2002}) 12. Bh3 O-O-O 13. O-O Rdf8 14. Qb2 $146 (14. Nh4 f6 15. exf6 gxf6 16.
Re1 (16. f5 e5) 16... f5 17. Kh1 Rhg8 18. Qd1 Kb8 19. Ra2 Rf6 $15 {0-1 Atakisi,
U-Williams,S/WchJ B20 Yerevan 1999/AdE (34)}) 14... f5 $6 {Pogorelov wants to
close position on the king's side, but the road to hell is paved by good
intentions! The text move is artificial and throws Black into very serious
trouble.After modest} (14... Kb8 15. Rab1 Bc8 $13 {black's position is tough
and it is very difficult to prove any advantage of White.}) 15. exf6 gxf6 16.
f5 $1 {Obvious and strong move} e5 (16... Nxf5 $5 17. Bxf5 exf5 18. Nh4 $14)
17. Bh6 Rf7 (17... Rfg8 18. dxe5 Bxf5 (18... fxe5 19. Ng5 $16) 19. Bxf5+ Nxf5
20. Bf4 $36 {[%csl Gf4]}) 18. dxe5 Nxe5 (18... fxe5 19. Ng5 $1 Rxf5 20. Bxf5
Nxf5 21. Nf7 $16) 19. Nd4 $16 {[%csl Gd4,Gh6] Open character of the position
in combination with the limiting d5 pawn and bishop's pair strongly favour
white's chances.} Rg8 20. Bg2 Qa5 21. a4 $1 {[%cal Gd4b5]} Ng4 22. Bf4 Qc5 (
22... Nxf5 23. Nxf5 Bxf5 24. Qb5 $1 Qxb5 25. axb5 Be4 26. h3 $16) 23. Rfb1 {
Maybe, this move is a step to the false direction. I can't believe that
black's position is defendable after} (23. Qb4 $142 $1 Qxb4 (23... b6 24. a5
$16) 24. cxb4 {[%csl Gd4,Gf4,Gg2]}) 23... b6 24. h3 $6 (24. a5 b5 25. a6 Nxf5)
({Again} 24. Qb4 $5 $16 {was stronger}) 24... Ne5 25. Kh2 Nxf5 26. a5 $1 {
Black managed to creat some counter chances on the king's side, but , any case
white's attack is quicker.} b5 $8 27. Nxf5 (27. Nxb5) 27... Bxf5 28. Qxb5 Qxb5
29. Rxb5 Be4 (29... Be6 30. Re1) 30. Rab1 {[%csl Rc8] Weak king is Achilles
heel of black's position.} Rgg7 31. a6 Kd7 32. Bh6 Rg8 (32... Rg6 33. Rb7+ Ke6
34. Be3 $18) 33. Rxd5+ $1 {Begginning of the end.} Bxd5 34. Bxd5 Rc8 35. Rb7+
Rc7 36. Rxc7+ Kxc7 37. Bxf7 Nxf7 38. Be3 $18 {Black can't protect all weak
pawns - game is over} Ne5 (38... Kc6 39. Bxa7 Kb5 40. Bd4 Kxa6 41. Bxf6 $18) (
38... Kb8 39. g4 Nd6 40. Kg3 Ne4+ 41. Kf4 Nxc3 42. Kf5 $18) 39. Bxa7 Nf3+ 40.
Kg2 Ne1+ 41. Kf2 Nxc2 42. g4 {[%csl Rf6]} Na3 43. Ke3 Nb5 44. Bd4 Nd6 {Black's
night jumped like crazy!} 45. Bxf6 (45. h4 $1 Kc6 46. h5) 45... Kb6 46. Kd4
Kxa6 47. Kd5 1-0

[Event "Lvov Cup of Galychina"]
[Site "Lvov"]
[Date "2001.12.26"]
[Round "9"]
[White "Volokitin, Andrei"]
[Black "Firman, Nazar"]
[Result "0-1"]
[WhiteElo "2566"]
[BlackElo "2494"]
[Annotator "Psakhis,L"]
[PlyCount "86"]
[EventDate "2001.12.18"]
[EventType "tourn"]
[EventRounds "11"]
[EventCountry "UKR"]
[EventCategory "11"]
[SourceTitle "CBM 087"]
[Source "ChessBase"]
[SourceDate "2002.03.21"]
[SourceVersion "1"]
[SourceVersionDate "2002.03.21"]
[SourceQuality "1"]

1. e4 e6 2. d4 d5 3. Nc3 Bb4 4. e5 Ne7 5. a3 Bxc3+ 6. bxc3 c5 7. Qg4 Qc7 8.
Qxg7 Rg8 9. Qxh7 cxd4 10. Ne2 dxc3 (10... Nbc6 11. f4 Bd7 12. Qd3 dxc3 $132 {
- main line}) 11. f4 Bd7 {Sharp and complicated line, but maybe not correct
for all 100%} (11... b6 12. Nd4 Ba6 13. Bxa6 (13. Bb5+ Bxb5 14. Nxb5 Qc6 $13) (
13. Nb5 Bxb5 14. Bxb5+ Nbc6 $13) 13... Nxa6 14. O-O Nc5 15. a4 a6 16. Ba3 $36 {
1-0 Rychagov,M-Lehtivaara,R/Helsinki 1991 (31)}) 12. Qd3 Nf5 13. Rg1 $1 {
Strongest reply, Black did well after} (13. Nxc3 a6 14. Ne2 Bb5 15. Qd2 Nc6 16.
Rg1 Qb6 17. Rb1 Qa7 18. Rh1 d4 19. g3 O-O-O 20. Rb3 Bc4 21. Rb1 d3 22. Nc3 Ncd4
23. Bg2 Nxc2+ 24. Kf1 Nfe3+ {0-1 Conner,S-Myers,D/corr 1990 (24)}) (13. Rb1 $5
Na6 14. Qxc3 Nc5 15. Nd4 Nxd4 16. Qxd4 Ba4 17. Rb2 O-O-O 18. Bd2 b6 19. g3 Qc6
20. Be2 Kb8 21. O-O Ne4 22. Be3 Ka8 23. Bd3 Nc5 24. Be2 Ne4 25. Rb4 Bxc2 26.
Rc1 Qc5 27. Qxc5 bxc5 {Vehi Bach,V-De la Cruz,G/Balaguer op 2001/Ajelibre/1-0 
(41)}) 13... Qb6 14. g4 Nc6 $5 ({In the case of} 14... Bb5 15. Qxc3 Bxe2 {
White has great responce -} 16. Rb1 $1 (16. Qc8+ $2 Ke7 17. Qxg8 Qxg1 18. Kxe2
Nd4+ 19. Ke1 Nbc6 20. Qxa8 Nf3+ 21. Ke2 Ncd4+ 22. Kd3 Qxf1+ 23. Kc3 Qc4+ 24.
Kb2 Qxc2# {0-1 Olteanu,A-Popescu,T/corr 1990 (24)}) 16... Qc6 (16... Qxb1 17.
gxf5 $1 $18) (16... Qxg1 17. Qc8+ Ke7 18. Rxb7+) 17. Qxc6+ Nxc6 18. Kxe2 Nfd4+
19. Kf2 $16 {with almost winning position.}) 15. Qxc3 $2 $146 {Bad move. It is
very interesting what Firman had in mind, if White would choose strongest move,
at least according to theory -} (15. Rg2 $1 Nh4 16. Rg3 O-O-O 17. Nxc3 Kb8 18.
Rb1 Qa5 19. Qb5 Qc7 20. Qc5 $16 {Kupreichik,V-Dolmatov,S/USSR (ch) 1987/Inf 43/
1/2-1/2 (42)}) (15. gxf5 Rxg1 16. Nxg1 (16. Be3 Qb2 $1) (16. fxe6 Bxe6 $13)
16... Qxg1 17. Be3 Qxh2 18. fxe6 Bxe6 (18... fxe6 $5) (18... fxe6 $5) 19. O-O-O
$13) 15... Nfd4 16. Rg3 (16. Nxd4 $2 Nxd4 17. Rg2 Rc8 $17) 16... Rc8 $36 {
[%csl Gb6,Gc8,Gd4][%cal Gc8c3] It is easy to see that black catch initiative}
17. Bb2 ({After} 17. Ra2 Nxe2 18. Bxe2 Nd4 19. Qd2 Nxe2 20. Kxe2 Rc4 $36 {
White will need good advice.}) 17... Nb4 $1 18. Nxd4 (18. Qxc8+ Bxc8 19. Nxd4
Nxc2+ 20. Nxc2 Qxb2 21. Bd3 Bd7 $17) 18... Rxc3 19. Bxc3 Na2 $1 {Nice trick!}
20. Bd2 Qxd4 ({Worth considering} 20... Qb2 21. Nb3 (21. Rxa2 Qxa2 22. Bc1 Qa1)
21... Ba4 22. Rd1 Rh8 23. h3 Qxc2 24. Bd3 $17) 21. Rxa2 a6 $15 {Black's
chances are better but to win this position is not easy at all.} 22. Be3 Qc3+
23. Bd2 Qd4 24. Be3 Qe4 25. Bd3 (25. Rb2 $5 d4 $140 $2 26. Bg2 $16) 25... Qh1+
26. Bg1 Rh8 27. c3 (27. Rb2 Rxh2 28. Rxb7 Bb5 $17) 27... Bb5 $1 {Black happy
to exchange light coloured bishopa - as usual in French defence.} (27... Ba4 $5
28. Rb2 b5 29. f5 Kd7 $15) 28. Bxb5+ axb5 29. Rag2 $1 {[%csl Rh1] Position on
black queen is quite funny, but his rook is still active} Kd7 {[%cal Gh8a8]}
30. f5 (30. Ke2 Ra8 31. Bc5 b6 $1 32. Bb4 Rh8 $1) 30... Ra8 31. f6 Rxa3 32. g5
({After} 32. Kf2 d4 $1 33. cxd4 b4 $19 {wins easily}) 32... Rxc3 $1 {rook made
great carrer!} 33. Kf2 (33. Rg4 Re3+ 34. Kd2 (34. Re2 Qf3) 34... Rxe5 35. g6
fxg6 36. Rf2 Rf5 $19) 33... Rxg3 34. Kxg3 b4 {Beggining of the end - White
can't successfully fight against queen and two passed pawns.} 35. Kh3 (35. g6
fxg6 36. Kf2 b3 37. Rg4 b2 38. Rb4 Qe4 $1 $19) 35... b3 36. g6 (36. Kg3 Qxg2+
37. Kxg2 b2) 36... fxg6 37. f7 Ke7 $8 38. Rf2 Kf8 39. Rf1 d4 $1 $19 {Rest is
simple} 40. Kg3 b2 41. Rb1 Qc6 (41... Qe4 42. Rxb2 Qxe5+ $19) 42. Bxd4 Qc2 43.
Rxb2 Qd3+ 0-1

[Event "RUS-ch 56th"]
[Site "Krasnoyarsk"]
[Date "2003.09.10"]
[Round "7"]
[White "Jakovenko, Dmitrij"]
[Black "Morozevich, Alexander"]
[Result "0-1"]
[WhiteElo "2564"]
[BlackElo "2679"]
[Annotator "Psakhis,L"]
[PlyCount "86"]
[EventDate "2003.09.03"]
[EventType "swiss"]
[EventRounds "9"]
[EventCountry "RUS"]
[SourceTitle "CBM 098"]
[Source "ChessBase"]
[SourceDate "2004.02.03"]
[SourceVersion "1"]
[SourceVersionDate "2004.02.03"]
[SourceQuality "1"]

1. e4 e6 2. d4 d5 3. Nc3 Bb4 4. e5 c5 5. a3 Bxc3+ 6. bxc3 Qa5 {Morozevich won
two games in tournament, playing this line:in 4th round he crashed Sergei
Shipov with white pieces and now successfully used it with opposite coloures.}
7. Bd2 Qa4 8. Qb1 {[%cal Rf1b5] Very popular move and interesting move, but I
am not sure that it stronger than} (8. Qg4 $5 {[%cal Rg4g7] or}) (8. Nf3) 8...
c4 ({Black also could try} 8... a6 {Black also could try}) 9. Ne2 {[%cal Ge2g3,
Gg3h5]} f6 (9... Nc6 10. Nf4 Bd7 11. g3 Nge7 12. Nh5 Rg8 13. Bh3 O-O-O 14. O-O
Kb8 15. Qb2 Nc8 16. Rae1 Nb6 17. f4 Qa5 {1/2-1/2 Berzinsh,R-Glavas,D/Pula op
2003/ (46)}) 10. exf6 Nxf6 11. g3 $146 (11. Ng3 Nc6 12. Be2 O-O (12... b6 13.
O-O Bd7 14. Bg5 O-O-O 15. Bf3 Rdf8 16. Qc1 Ne8 17. Re1 h6 18. Bf4 g5 19. Be5
Rh7 {Ledger,D-Ward,C/BCF-ch Torquay 2002//0-1 (47)}) 13. O-O {RR} Bd7 14. Re1
b6 15. Bg5 Rae8 16. Qd1 h6 17. Bxf6 Rxf6 18. Bg4 g6 19. Qd2 Kg7 20. h4 Qa5 {
1/2-1/2 Smirnov,P-Rustemov,A/RUS-ch Krasnodar 2002/ (32)}) 11... Nc6 12. Bg2 b6
13. O-O Bd7 14. Qb2 O-O 15. Rae1 Rae8 {Black has a very solid position, but
it's very difficult for him to get active counterplay.} 16. Bf4 Rf7 17. f3 Nh5
(17... e5 $5 18. dxe5 Nxe5 19. Nd4 Rfe7 20. Qb4 $1 Qa6 $13) 18. Bd6 g6 19. g4
Ng7 {[%csl Rg7] I think, that Black would prefer to have bishop on g7 instead
of knight.} 20. h3 Qa5 21. Kh1 b5 22. f4 Qb6 $1 23. Bc5 Qc7 24. a4 bxa4 25. Qa3
h5 $1 {Having no desire for defence, Black tries to break open h line.} 26. Ng1
$6 (26. Bf3 $5 Qd8 27. Kg2) 26... hxg4 27. hxg4 Qd8 $1 28. Bh3 (28. g5 Nf5 {
[%csl Gf5]}) 28... Qh4 29. Qc1 (29. Bd6 e5 $1) 29... e5 $1 {Now Black has a
technically almost winning position. White could play maybe longer and more
stubborn than what Jakovenko did, but with the same result.} (29... g5 $5 30.
fxg5 $140 Rxf1 31. Rxf1 e5 $1) 30. fxe5 $8 Bxg4 31. Rxf7 Kxf7 32. Qf4+ (32.
Rf1+ Nf5 33. Rf4 Rh8 $1) 32... Nf5 33. e6+ Kg7 $40 34. Rf1 $6 {The text move
is artificial and throws White into serious trouble. However, he has already
serious problems anyway.} (34. Qc7+ Nfe7) 34... Ng3+ 35. Kg2 Bxh3+ (35... Nxf1
$5 36. Qf7+ Kh6) 36. Nxh3 Qxf4 37. Rxf4 Ne4 (37... Nf5 38. Rf2 Nd8 39. Nf4 Nxe6
40. Nxd5 Nxc5 41. dxc5 a3 $19) 38. Rf7+ Kg8 {Rest is simple.} 39. Ba3 (39. Rc7
Nxc5 40. Rxc6 Nxe6 $19) 39... Rxe6 40. Rd7 Nxc3 $19 41. Nf4 Re4 42. Nxd5 Nxd5
43. Rxd5 Nxd4 0-1

[Event "Governor's Cup"]
[Site "Kramatorsk"]
[Date "2001.10.03"]
[Round "2"]
[White "Baklan, Vladimir"]
[Black "Borovikov, Vladislav"]
[Result "0-1"]
[WhiteElo "2599"]
[BlackElo "2593"]
[Annotator "Psakhis,L"]
[PlyCount "66"]
[EventDate "2001.10.02"]
[EventType "tourn"]
[EventRounds "10"]
[EventCountry "UKR"]
[EventCategory "15"]
[SourceTitle "CBM 086"]
[Source "ChessBase"]
[SourceDate "2002.02.05"]
[SourceVersion "1"]
[SourceVersionDate "2002.02.05"]
[SourceQuality "1"]

1. e4 e6 2. d4 d5 3. Nc3 Bb4 4. e5 c5 5. a3 Ba5 6. Qg4 (6. b4 $5 {is more
popular nowdays}) 6... Ne7 7. dxc5 Bxc3+ 8. bxc3 Qa5 9. Bd2 Ng6 10. Nf3 (10. h4
h5 11. Qg5 Nd7 12. c4 Qa4 13. Nf3 dxc4 14. Qe3 O-O 15. Rc1 b6 16. cxb6 Nxb6
$132 {0-1 Lau,R-Vaganian,R/BL 1993 (42)}) 10... Nd7 11. c4 (11. Bd3 Nxc5 12.
O-O Ne4 $1 (12... O-O 13. h4 (13. Rfe1 Bd7 14. h4 Ne4 15. Be3 Qc7 16. Qh5 f6
17. exf6 Nxf6 18. Qg5 Ne4 19. Qh5 Nf6 20. Qg5 Ne4 21. Qh5 Nf6 {1/2-1/2 Aseev,
K-Ivanov,S/RUS-ch Samara 2000 (21)}) 13... Qa4 14. Qxa4 Nxa4 15. h5 Ne7 16. h6
Bd7 17. Rab1 b6 18. hxg7 Kxg7 19. Rb4 Ng6 20. Re1 $14 {1/2-1/2 Minasian,
A-Lputian,S/ARM-ch Yerevan 2001/The Week in Chess 359 (46)}) 13. Be3 (13. Bxe4
h5) 13... h5 14. Qh3 Qxc3 15. Nd4 Bd7 16. Rab1 Nxe5 17. Bxe4 dxe4 18. Qg3 Ng4
19. Rb3 Qa5 $13 {1-0 Ponomariov,R-Borovikov,V/Governor's Cup Kramatorsk 2001/
(68)}) 11... Qc7 {[%mdl 4]} (11... Qa4 12. Qd4 dxc4 13. Bxc4 O-O 14. Bb4 a5 15.
O-O Qc6 16. Bd2 Nxc5 17. Be3 b6 18. Rab1 Bb7 $11 {1/2-1/2 Rowson,J-Vaganian,R/
Istanbul olm 2000/The Week in Chess 312 (48)}) 12. cxd5 O-O {Funny position.
White has two pawns advantage, couple of bishops, but it is not clear that he
has any advantage.} 13. d6 Qxc5 14. Qb4 Ngxe5 15. O-O-O $146 {It is difficult
to believe, but just this move is a new one.} (15. Nd4 Qd5 16. O-O-O a5 17. Qb2
Ng4 18. Be3 Nxe3 19. fxe3 Qe5 20. Bb5 Qxe3+ 21. Kb1 Rd8 22. Rhe1 Qh6 23. Ka2
Qxh2 $13 {0-1 Cseshkovsky,V-Lputian,S/Podolsk 1990 (48)}) 15... Qxf2 {In the
last three moves Black took three white pawns!} 16. Bc3 (16. Nxe5 Nxe5 17. Qe4
f6) 16... Nc6 ({Too risky} 16... Nxf3 17. gxf3 Qxf3 18. Bd3 {[%csl Gc3,Gd3]
[%cal Gh1g1,Gg1g8]}) 17. Qb2 e5 $1 18. Kb1 (18. Bc4 Kh8 {[%cal Gf7f6]}) 18...
f6 {[%csl Rc3] Black managed to close one of white's bishp and can look with
optimizm into the future.} 19. Be1 Qb6 20. Bc4+ Kh8 21. Bb3 Nc5 $1 22. Bf2 {
[%cal Gf2b6]} Bf5 {[%csl Rb1,Gf5] White monarch doesn't look very secure
already.} 23. Ka2 (23. Bxc5 Qxc5 $17) (23. Nh4 Be4 24. Rhe1 Nd4) 23... Qa5 {
[%cal Gc6b4]} 24. Bxc5 (24. Be1 Qa6) 24... Qxc5 25. Rd5 Qb6 26. c4 Qa6 (26...
Be4 27. Rb5 Qa6) 27. Qc3 Be4 28. Rd2 (28. Rb5 Bxf3 29. gxf3 Nd4 30. Rd5 Rad8
$19) 28... Bxf3 29. gxf3 Nd4 30. c5 (30. Rxd4 exd4 31. Qxd4 Rae8 32. d7 Re2+
33. Kb1 Rd8 $19) 30... Qc6 31. Rc1 ({More chances for survival White could get
after} 31. Rxd4 $5 exd4 32. Qxd4) 31... b6 $1 32. f4 (32. cxb6 Qxb6) (32. Rxd4
exd4 33. Qxd4 Rad8 $18) 32... Rac8 33. Qg3 bxc5 (33... bxc5 34. Rg1 Qb7 35. Bc4
e4 $19) 0-1

[Event "Carlos Torre Wimbledon 16th"]
[Site "Merida"]
[Date "2003.12.17"]
[Round "1.2"]
[White "Quesada Perez, Yuniesky"]
[Black "Luther, Thomas"]
[Result "1-0"]
[WhiteElo "2475"]
[BlackElo "2580"]
[Annotator "Psakhis,L"]
[PlyCount "91"]
[EventDate "2003.12.17"]
[EventType "k.o."]
[EventRounds "4"]
[EventCountry "MEX"]
[SourceTitle "CBM 099"]
[Source "ChessBase"]
[SourceDate "2004.03.30"]
[SourceVersion "1"]
[SourceVersionDate "2004.03.30"]
[SourceQuality "1"]

1. e4 e6 2. d4 d5 3. Nc3 Bb4 4. e5 c5 5. a3 Ba5 6. b4 cxd4 7. Qg4 Ne7 8. bxa5
dxc3 9. Qxg7 Rg8 10. Qxh7 Nbc6 11. f4 Qxa5 12. Nf3 Bd7 13. Rb1 O-O-O 14. Qd3
Nf5 15. Rg1 $1 {Lately Black has experienced problems in this line.} d4 (15...
Rg4 16. g3 Rh8 17. Kf2 Qc5+ 18. Be3 Qxa3 19. Rb3 Qa4 20. Rxc3 d4 $6 (20... Nxe3
$5) 21. Bxd4 Nfxd4 22. Qxd4 Rxh2+ 23. Rg2 Qxd4+ 24. Nxd4 Rh1 25. Bb5 $36 {
Vescovi,G-Lputian,S/Poikovsky 2003/CBM 95/[Psakhis,Vescovi]/1-0 (40)}) 16. g4
Ne3 $146 (16... Nfe7 17. Rg3 Be8 18. h4 Nf5 19. Rg1 Ne3 20. Bxe3 dxe3 21. Qxe3
Ne7 22. Bc4 $1 $16 {Anand,V-Khalifman,A/Linares 2000 1-0 (42)}) 17. Bxe3 dxe3
18. Qxe3 {A good and natural move,} ({but I think, that white's chances are
clearly better and after} 18. Rb3 $5 Ne7 19. Qxc3+ Qxc3+ 20. Rxc3+ Bc6 21. Bc4
$5 $16) 18... Ne7 19. Ng5 Rxg5 $5 {Black sacrifices an exchange, having no
desire for passive defense.} (19... Nd5 20. Qd4 {[%cal Gg1g3,Gg5e4]}) 20. fxg5
Bc6 21. Rg3 $1 Nd5 22. Qf2 Qc7 23. Bg2 ({Worth considering and} 23. Qd4 $5 {
with the possible continuation} Nf6 $140 $5 24. Qxa7 Qxe5+ 25. Qe3 Nxg4 26.
Qxe5 Nxe5 27. Be2 $18) 23... Qxe5+ 24. Kf1 Qxg5 ({Maybe Black should have
preferred quite} 24... Kb8 $5 {with some compensation for the exchange.}) 25.
Qxa7 Qd2 26. Qf2 $1 {White's advantage can be seen now with the naked eye.} Nf4
(26... Rh8 27. h3) 27. Bxc6 bxc6 28. Rxc3 $5 ({Another promising possibility
was} 28. Rf3 $5 e5 29. Qxd2 cxd2 30. Rd1) 28... Qxc3 29. Qxf4 {[%csl Rc8][%cal
Rf4b8]} e5 (29... Qh3+ 30. Kg1) 30. Qf5+ Kc7 $8 (30... Rd7 31. Rd1 Qh3+ 32. Kg1
Qe3+ 33. Kh1 Qa7 34. h4 $18) 31. Qxf7+ Rd7 32. Qb3 $5 (32. Rb7+ Kxb7 33. Qxd7+
Kb6 34. Qd3 $18) 32... Qxb3 33. Rxb3 ({White had already a good choice -} 33.
cxb3 $18 {leads to a winning ending for white.}) 33... Rd1+ 34. Kg2 (34. Ke2
Rh1 35. h3 {works well as well.}) 34... Rd2+ 35. Kg3 Rxc2 36. h4 $18 {[%csl
Gg4,Gh4]} Rc1 37. g5 Kd6 38. Kg4 Ke6 39. Rb8 Rg1+ 40. Kh5 c5 41. Kh6 (41. Kg6
$5 {[%cal Gh4h7]}) 41... c4 42. g6 c3 43. Rc8 Kf6 44. h5 Rg3 45. g7 $1 {
[%cal Rc8c3]} Kf7 46. Rf8+ 1-0